000 00599nam a2200193Ii 4500
003 JO-AjNU
008 230605s9999||||xx |||||||||||||| ||und||
040 _aJO-AjNU
_bara
_erda
_cJO-AjNU
041 _aara
050 1 4 _aPN1707.M8 1975
100 3 _aتأليف محمد غنيمي،هلال,
_eauthor
_99086
245 0 0 _aفي النقد المسرحي
264 3 1 _aبيروت: دار العودة، 1975
300 _a179ص
336 _atext
_btxt
_2rdacontent
337 _aunmediated
_bn
_2rdamedia
338 _avolume
_bnc
_2rdacarrier
650 4 _a المسرح - تاريخ ونقد
_99087
999 _aA1119
_c4687
_d4687